[Event "Perth op"]
[Site "Perth"]
[Date "2023.01.05"]
[Round "6"]
[White "Milovanovic, Stevica"]
[Black "Pavelic, Toni Martin"]
[Result "0-1"]
[WhiteElo "1348"]
[BlackElo "1348"]
[PlyCount "56"]
[EventDate "2023.01.02"]
[EventType "swiss"]
[EventRounds "11"]
[EventCountry "AUS"]
[SourceTitle "CBM 212 Extra"]
[Source "ChessBase"]
[SourceDate "2023.03.31"]
[SourceVersion "1"]
[SourceVersionDate "2023.03.31"]
[SourceQuality "1"]

1. e4 c5 2. Nc3 Nc6 3. Bb5 e6 4. d3 Nd4 5. Bc4 b5 6. Bb3 d5 7. exd5 exd5 8. Bxd5 Qe7+ 9. Be3 Bb7 10. Bxb7 Qxb7 11. f3 Nf6 12. Bxd4 cxd4 13. Ne4 Bb4+ 14. Kf2 Nd5 15. Ne2 0-0 16. a3 Be7 17. g3 f5 18. Nd2 Ne3 19. Qc1 Ng4+ 20. Ke1 Rae8 21. h3 Ne5 22. Nxd4 Bc5 23. Ne2 Nxf3+ 24. Kd1 Nxd2 25. Re1 Be3 26. Ng1 Qg2 27. Ne2 Nf3 28. Nf4 Bxf4 0-1